00813 2200277 4500001002100000005001500021035002500036008004100061020002200102040001700124082001500141084001700156090002100173090002100194100003100215245009700246250001100343260003300354300004500387650001500432700003100447850001200478007000300490999002100493990002100514INLIS00000000000483420200604093749 a0010-041500000001900150430s2014 yoia br ind d a978-979-29-4412-9 aYOPDYOGbind04222a372.52 a372.52 HER m aDEP 372.52 HER m aCB-D.11 2014-8590 aHeru Joko Pranantyod1978-00aMenggambar dari huruf profesi /cHeru Joko Pranantyo; penyunting, Yasintha Vita Wahyuningsih aCet. 13 aYogyakarta :bRainbow,c2014 a41 halaman :bilustrasi, gambar ;c28 cm 4aMenggambar0 aYasintha Vita Wahyuningsih aYOPDYOGta aCB-D.11/2014-859 aCB-D.11/2014-859